000 00428nam a22001697a 4500
005 20180411142833.0
008 160523b xxu||||| |||| 00| 0 eng d
020 _a81-7188-246-4
041 _aeng
082 _b4101
_a338.954
100 _aKapila, Uma & Raj
_91006
245 _aA Decade of Economic Reforms in India
260 _aNew Delhi
_bAcademic Faundation
300 _a408
650 _aManagement
_9241
942 _cBK
999 _c1377
_d1377